000 00604cam a22002053a 4500
001 38413
003 PGUSA
005 20140828083840.0
008 111226s2011||||xxu|||||s|||||000 | eng d
040 _aPGUSA
_beng
042 _adc
100 1 _aZangwill, Israel,
_d1864-1926
245 1 4 _aThe King of Schnorrers :
_bGrotesques and Fantasies
_h[electronic resource] /
_cIsrael Zangwill
260 _bProject Gutenberg,
_c2011
506 _aPublic domain in the USA.
516 _aElectronic text
830 0 _aProject Gutenberg
_v38413
856 4 0 _uhttp://www.gutenberg.org/ebooks/38413
942 _cEB
999 _c267667
_d267667